| 000 | 01168ngm a22003130a 4500 | ||
|---|---|---|---|
| 001 | PT16531 | ||
| 003 | AR-LpoUNG | ||
| 005 | 20210202000206.0 | ||
| 007 | vd cvaizq | ||
| 008 | 191001s2001||||ag |||||||||||||||||spa d | ||
| 037 | _c$8.3 | ||
| 040 |
_aAR-LpoUNG _bspa _cAR-LpoUNG _eaacr |
||
| 041 | _aspa | ||
| 044 | _aag | ||
| 082 | 0 | _a909 532v1 | |
| 245 | 1 | 0 |
_aAmanecer del hombre : _bEgipto antiguo |
| 260 |
_aBuenos Aires : _bKalender Video Argentina, _c2001. |
||
| 300 | _aVHS (56 min.) : son., byn, col. | ||
| 520 | _aEste volumen abarca el período de la aparición del hombre, su evolución como recolector y cazador hasta la revolución agrícola, y el proceso social desde la hora hasta la formacin de las primeras civilizaciones. En la segunda parte presenta los orígenes del antiguo Egipto y el surgimiento de las civilizaciones occidentales en el Mediterraneo. | ||
| 650 | 4 | _aANALISIS HISTORICO | |
| 650 | 4 | _aCIVILIZACION | |
| 650 | 4 | _aHISTORIA | |
| 651 | 4 | _aDOCUMENTOS TEORICOS O METODOLOGICOS | |
| 653 | _aVIDEOS | ||
| 653 | _aVIDEOS DIDACTICOS | ||
| 710 | 2 | _aMetropolitan Museum of Art (New York) | |
| 905 | _a16531 | ||
| 942 | _cVIDEO | ||
| 999 |
_c54312 _d54312 |
||